000 00290nam a22001337a 4500
008 171101b xxu||||| |||| 00| 0 eng d
020 _a9780131243064
041 _aeng
080 _a339
100 _a59
101 _aTRE
245 _aHOW BOND MARKETS WORKS
_cZIPT.R
942 _2udc
_cBK
999 _c37045
_d37045